| 000 | 00393nam a2200157Ia 4500 | ||
|---|---|---|---|
| 008 | 230917s9999||||xx |||||||||||||| ||und|| | ||
| 040 |
_e74389 _aMAIN |
||
| 041 | _aEnglish | ||
| 082 | _a657 H426F | ||
| 100 | _aHermanson, Roger H | ||
| 245 | 0 | _aFinancial accounting: A business perspective | |
| 250 | _a6th ed. | ||
| 260 |
_aChicago _bIrwin _c1995 |
||
| 300 | _axxiii, i-10 p. | ||
| 942 | _cBK | ||
| 999 |
_c89778 _d89778 |
||